Normal view
MARC view
- Chopra ,U K .
Entry Personal Name
001 - CONTROL NUMBER
- control field: 3138
003 - CONTROL NUMBER IDENTIFIER
- control field: OSt
005 - DATE AND TIME OF LATEST TRANSACTION
- control field: 20180604123545.0
008 - FIXED-LENGTH DATA ELEMENTS
- fixed length control field: 180604|| aca||aabn | a|a d
040 ## - CATALOGING SOURCE
- Original cataloging agency: OSt
- Transcribing agency: OSt
100 ## - HEADING--PERSONAL NAME
- Personal name: Chopra ,U K .
670 ## - SOURCE DATA FOUND
- Source citation: Work cat.: (OSt): Singh , A K . 361, Geoinformatics applications in agriculture /, 2007.
